000 01131nam a22003137i 4500
003 EG-GICUC
005 20260121101442.0
008 251208s1955 fr ||||fr|||| 00| 0 fre d
040 _aEG-GiCUC
_bfre
_cEG-GiCUC
_dEG-GiCUC
_eRda
041 _afre
082 0 4 _221
_a349.11
_bRI . V
092 0 4 _221
099 _aLaw1 11 349.11 RI . V 1955
100 1 _aRiyāḍ, Fuʼād ʻAbd al-Munʻim,
_eAuteur
245 1 3 _aLa valeur internationale des jugements en droit comparé. /
_cFuʼād ʻAbd al-Munʻim Riyāḍ ; Préf. de Hanri Batiffol.
264 1 _aParis :
_bLibrairie du Recueil Sirey,
_c1955.
300 _a214 pages ;
_c 24 cm.
336 _2rda contenu
_a texte
337 _2rda medias
_aOrdinateur
338 _2 transporteur rda
_a Ressource en ligne
504 _aInclure la bibliographie et les références bibliographiques
546 _aTexte en français
650 1 4 _adroit comparé
_xDroit international public
_2qrmak
651 1 _2qrmak
700 1 _aBatiffol, Hanri
_ePréfacier
856 4 0 _uhttps://fll.law.cu.edu.eg/fulltext/bks/B11-05542.pdf
905 _a75
_eHassnaa
942 _2ddc
_cBK
_e21
_n0
999 _c49170
_d49170